|
|
|
|
| LEADER |
00000nam a22000007a 4500 |
| 005 |
20210503221441.0 |
| 007 |
cr|||| |||| |
| 008 |
210503s2017 co |||||s|||| 00||0 spa d |
| 020 |
|
|
|a 978-958-665-453-1
|
| 035 |
|
|
|a 33231
|
| 040 |
|
|
|a vLex
|
| 090 |
|
|
|c 11593
|d 11593
|
| 100 |
1 |
|
|a Forero Quintero, Gustavo
|
| 245 |
1 |
0 |
|a Memoria de crm̕enes
|h [Recurso electrn̤ico] :
|b Literatura, medios audiovisuales y testimonios /
|c Gustavo Forero Quintero
|
| 256 |
|
|
|a Servicio en ln̕ea
|
| 260 |
|
|
|a Bogot:̀
|b Siglo del Hombre Editores,
|c 2017
|
| 300 |
|
|
|a 1 recurso electrn̤ico
|
| 500 |
|
|
|a A menudo las experiencias individuales de memoria y la conciencia histr̤ica de un colectivo social tienden a difuminarse en el olvido o, por decisin̤ deliberada de sistemas injustos, se quieren desconocer. Esas experiencias encuentran formas de representacin̤ en la literatura, los medios masivos de comunicacin̤ o la voz misma de los escritores que siempre les dan vida. Este libro recoge una seleccin̤ de estudios que buscan establecer la relacin̤ entre los procesos individuales y colectivos de memoria histr̤ica y la novela de crm̕enes contemporǹea.
|
| 506 |
1 |
|
|a Disponible solo en los productos indicados
|d vLex Global
|d vLex Global (Academic Edition, excluding Law Schools)
|d vLex Global (U.S. Academic Edition, Law Schools)
|d vLex Global (U.S. Academic Edition, excluding Law Schools)
|d vLex Global (Academic Edition, Law Schools)
|
| 650 |
0 |
4 |
|a Literatura
|z Colombia
|
| 740 |
0 |
|
|a vLex Libros (Servicio en ln̕ea)
|
| 856 |
4 |
0 |
|u https://vlex.com/source/memoria-de-crimenes-literatura-medios-audiovisuales-y-testimonios-33231
|z Acceso restringido
|
| 942 |
|
|
|c BOOK
|
| 999 |
0 |
|
|a Literature
|